[Event "VIE-ch U09"]
[Site "Ho Chi Minh City"]
[Date "2014.07.18"]
[Round "9"]
[White "Le, Huy Hai"]
[Black "Tran, Tung Quan"]
[Result "1-0"]
[WhiteElo "1515"]
[BlackElo "1466"]
[PlyCount "45"]
[EventDate "2014.07.13"]
[EventType "swiss"]
[EventRounds "9"]
[EventCountry "VIE"]
[SourceTitle "EXT 2016"]
[Source "ChessBase"]
[SourceDate "2015.10.08"]
[SourceVersion "1"]
[SourceVersionDate "2015.10.08"]
[SourceQuality "1"]

1. e4 c5 2. Nf3 d6 3. d4 cxd4 4. Nxd4 Nf6 5. Nc3 a6 6. Be2 e6 7. Be3 Be7 8. 0-0 0-0 9. f4 Bd7 10. Bf3 Nc6 11. Qd2 Qc7 12. Rfe1 Nxd4 13. Bxd4 Bc6 14. Rad1 b5 15. a3 Rac8 16. Qe3 Bb7 17. e5 dxe5 18. Bxe5 Qc5 19. Bxb7 Qxe3+ 20. Rxe3 Bc5 21. Bd4 Bxd4 22. Rxd4 Rc7 23. Bxa6 1-0

[Event "VIE-ch U09"]
[Site "Ho Chi Minh City"]
[Date "2014.07.14"]
[Round "3"]
[White "Nguyen, Nguyen Loc"]
[Black "Tran, Tung Quan"]
[Result "1-0"]
[WhiteElo "1491"]
[BlackElo "1466"]
[PlyCount "57"]
[EventDate "2014.07.13"]
[EventType "swiss"]
[EventRounds "9"]
[EventCountry "VIE"]
[SourceTitle "EXT 2016"]
[Source "ChessBase"]
[SourceDate "2015.10.08"]
[SourceVersion "1"]
[SourceVersionDate "2015.10.08"]
[SourceQuality "1"]

1. d4 d5 2. c4 c6 3. e3 Bf5 4. Nc3 Nf6 5. Nf3 Nbd7 6. Qb3 Qc7 7. cxd5 cxd5 8. Nxd5 Nxd5 9. Qxd5 e6 10. Qb3 Bd6 11. Be2 0-0 12. 0-0 Bg4 13. h3 Bh5 14. Bd2 Nb6 15. Ba5 Qd8 16. Rfe1 Bc7 17. Bxb6 Bxb6 18. Ne5 Bxe2 19. Rxe2 Qd6 20. Nc4 Qc6 21. Nxb6 Qxb6 22. Qxb6 axb6 23. Rc2 Ra7 24. a3 h6 25. Rac1 Raa8 26. Rc7 Rab8 27. Rd7 Rfc8 28. Rxc8+ Rxc8 29. Rxb7 1-0